[Event "Bayern-chI Bank Hofmann 4th"]
[Site "Bad Wiessee"]
[Date "2000.10.30"]
[Round "3"]
[White "Gyimesi, Zoltan"]
[Black "Oswald, Hans Joachim"]
[Result "1-0"]
[WhiteElo "2539"]
[BlackElo "2292"]
[PlyCount "109"]
[EventDate "2000.10.28"]
[EventType "swiss"]
[EventRounds "9"]
[EventCountry "GER"]
[SourceTitle "EXT 2003"]
[Source "ChessBase"]
[SourceDate "2002.11.25"]
[SourceVersion "1"]
[SourceVersionDate "2002.11.25"]
[SourceQuality "1"]

1. d4 Nf6 2. c4 c5 3. d5 b5 4. cxb5 a6 5. bxa6 g6 6. Nc3 Bxa6 7. e4 Bxf1 8. Kxf1 d6 9. Nf3 Bg7 10. g3 0-0 11. Kg2 Nbd7 12. Re1 Ra7 13. Qc2 Qa8 14. a4 Rb8 15. b3 Ne8 16. Rb1 Nc7 17. Bg5 Nf6 18. Qd3 h6 19. Bxf6 Bxf6 20. Nd2 Rab7 21. Rbc1 Rb4 22. Ncb1 Bd4 23. Rc4 R4b6 24. Na3 Bg7 25. Nc2 Na6 26. h3 Qb7 27. Kh2 h5 28. f4 Nb4 29. Nxb4 Rxb4 30. Rec1 Qa6 31. Kg2 R8b6 32. Kf3 Bd4 33. Ke2 Qa8 34. Rxb4 Rxb4 35. Rc4 Rxc4 36. Qxc4 Qc8 37. a5 Qxh3 38. a6 h4 39. a7 hxg3 40. a8Q+ Kg7 41. Qxd4+ cxd4 42. Qa1 Qg4+ 43. Nf3 Qxf4 44. Qxd4+ f6 45. Qe3 Qg4 46. Kf1 Qh3+ 47. Kg1 Kf7 48. b4 Ke8 49. b5 g2 50. Kf2 Qh1 51. Ng1 f5 52. Qg5 Qh7 53. Kxg2 fxe4 54. b6 Qg7 55. Qc1 1-0

[Event "Bayern-chI Bank Hofmann 4th"]
[Site "Bad Wiessee"]
[Date "2000.10.29"]
[Round "2"]
[White "Oswald, Hans Joachim"]
[Black "Ewald, Alexander"]
[Result "1-0"]
[WhiteElo "2292"]
[BlackElo "2128"]
[PlyCount "49"]
[EventDate "2000.10.28"]
[EventType "swiss"]
[EventRounds "9"]
[EventCountry "GER"]
[SourceTitle "EXT 2003"]
[Source "ChessBase"]
[SourceDate "2002.11.25"]
[SourceVersion "1"]
[SourceVersionDate "2002.11.25"]
[SourceQuality "1"]

1. Nf3 c5 2. c3 Nf6 3. d4 e6 4. e3 d5 5. Bd3 Nbd7 6. Ne5 Bd6 7. f4 0-0 8. Nd2 Ne8 9. 0-0 f5 10. Kh1 Ndf6 11. Ndf3 Nc7 12. Rg1 Qe8 13. Ng5 Bxe5 14. fxe5 Ne4 15. Nh3 Qe7 16. Qe1 Bd7 17. b3 b5 18. Ba3 Na6 19. Rc1 Rfc8 20. c4 bxc4 21. bxc4 Nb4 22. Bb1 dxc4 23. Rxc4 Bb5 24. Rxc5 Rxc5 25. Bxb4 1-0

[Event "4 Laender-Cup"]
[Site "Baden"]
[Date "1999.??.??"]
[Round "?"]
[White "Oswald, Hans Joachim"]
[Black "Markgraf, Alexander"]
[Result "1-0"]
[WhiteElo "2295"]
[BlackElo "2264"]
[PlyCount "84"]
[EventDate "1999.??.??"]
[EventType "team-tourn"]
[EventRounds "3"]
[EventCountry "GER"]
[SourceTitle "EXT 2002"]
[Source "ChessBase"]
[SourceDate "2001.11.25"]
[SourceVersion "1"]
[SourceVersionDate "2001.11.25"]
[SourceQuality "1"]

1. Nf3 g6 2. c4 Bg7 3. g3 e5 4. Nc3 f5 5. d3 d6 6. Bg2 Nf6 7. 0-0 0-0 8. Rb1 a5 9. a3 Nh5 10. Bg5 Qd7 11. Bd2 f4 12. b4 axb4 13. axb4 Qd8 14. b5 Nd7 15. Ne4 Ndf6 16. Nxf6+ Qxf6 17. Bc3 g5 18. Nd2 Qh6 19. Ne4 Nf6 20. Nxf6+ Rxf6 21. Ra1 Rb8 22. f3 g4 23. gxf4 Qh5 24. fxg4 Bxg4 25. fxe5 dxe5 26. Rxf6 Bxf6 27. Ra2 Rf8 28. Bd5+ Kg7 29. Kh1 Kh8 30. Bb4 Rd8 31. Bxb7 e4 32. Bxe4 Be5 33. Qg1 Rg8 34. Qf2 Qh6 35. e3 Bh3 36. Ra8 Rxa8 37. Bxa8 Qg7 38. Qf8+ Qxf8 39. Bxf8 Bf1 40. Be4 Bc3 41. Bc5 Bd2 42. Kg1 Bh3 1-0

[Event "4 Laender-Cup"]
[Site "Hessen"]
[Date "1998.??.??"]
[Round "1"]
[White "Oswald, Hans Joachim"]
[Black "Buchenau, Frank"]
[Result "1-0"]
[WhiteElo "2305"]
[BlackElo "2245"]
[PlyCount "51"]
[EventDate "1998.??.??"]
[EventType "team-tourn"]
[EventRounds "3"]
[EventCountry "GER"]
[SourceTitle "EXT 2000"]
[Source "ChessBase"]
[SourceDate "1999.11.16"]
[SourceVersion "1"]
[SourceVersionDate "1999.11.16"]
[SourceQuality "1"]

1. Nf3 d5 2. d4 Nd7 3. c4 dxc4 4. e4 Nb6 5. Ne5 Nf6 6. Nc3 g6 7. a4 a5 8. Nxc4 Nfd7 9. Be3 Bg7 10. Qd2 0-0 11. Rd1 c6 12. Bh6 Nxc4 13. Bxc4 Nb6 14. Ba2 Qd6 15. h4 Bg4 16. e5 Qd7 17. h5 Bxh6 18. Qxh6 gxh5 19. Bb1 f5 20. Ba2+ Nd5 21. f3 e6 22. fxg4 hxg4 23. Bxd5 cxd5 24. Ne2 Ra6 25. Nf4 Qg7 26. Rc1 1-0